Vista normal
Vista MARC
Entrada Materia (personas)
Número de registros utilizados en: 1
001 - CONTROL NUMBER
- control field: 80455
003 - CONTROL NUMBER IDENTIFIER
- control field: Co-BoUCM
005 - DATE AND TIME OF LATEST TRANSACTION
- control field: 20160923083839.0
008 - FIXED-LENGTH DATA ELEMENTS
- fixed length control field: 160923|| aca||aabn | a|a d
040 ## - CATALOGING SOURCE
- Original cataloging agency: Co-BoUCM
- Transcribing agency: Co-BoUCM
100 ## - HEADING--PERSONAL NAME
- Personal name: García Jaramillo, Leonardo
670 ## - SOURCE DATA FOUND
- Source citation: Work cat.: (Co-BoUCM)304718: Lecciones y experiencias comparadas sobre la enseñanza del derecho, 2016